[Event "Benidorm FEDC op 22th"]
[Site "Benidorm"]
[Date "2019.06.10"]
[Round "2"]
[White "Mayor Martinez, Juan Jose"]
[Black "Gimenez Cervera, Carlos"]
[Result "1/2-1/2"]
[WhiteElo "1850"]
[BlackElo "1540"]
[PlyCount "90"]
[EventDate "2019.06.09"]
[EventType "swiss"]
[EventRounds "7"]
[EventCountry "ESP"]
[SourceTitle "EXT 2024"]
[Source "ChessBase"]
[SourceDate "2023.10.10"]
[SourceVersion "1"]
[SourceVersionDate "2023.10.10"]
[SourceQuality "1"]

1. c4 e5 2. Nc3 Nf6 3. a3 d5 4. cxd5 Nxd5 5. e4 Nf6 6. Nf3 Bd6 7. Be2 Bg4 8. Qb3 Qc8 9. h3 Bxf3 10. Bxf3 Nc6 11. Ne2 0-0 12. d3 h6 13. Be3 b6 14. Rc1 Na5 15. Qc2 Qe6 16. b4 Nb7 17. 0-0 Rac8 18. Qa4 a5 19. Rc2 axb4 20. axb4 Qe7 21. Bd2 Nd8 22. Qa6 Ne6 23. Qb5 Ra8 24. Rfc1 Ra7 25. Bc3 Ng5 26. Bg4 Nxg4 27. hxg4 Rfa8 28. Ng3 Qe8 29. Qxe8+ Rxe8 30. Nf5 Ra3 31. f3 Bf8 32. Kf2 c5 33. bxc5 bxc5 34. Ke2 f6 35. Ne3 Ne6 36. Nd5 Rb8 37. Ra1 Rxa1 38. Bxa1 Nd4+ 39. Bxd4 cxd4 40. g3 Rb1 41. Rd2 Rh1 42. Kf2 Rh2+ 43. Ke1 Rh1+ 44. Ke2 Kf7 45. Rd1 Rh2+ 1/2-1/2

[Event "Benidorm FEDC op 22th"]
[Site "Benidorm"]
[Date "2019.06.09"]
[Round "1"]
[White "Gimenez Cervera, Carlos"]
[Black "Torres Torres, Victoria"]
[Result "1-0"]
[WhiteElo "1540"]
[BlackElo "1126"]
[PlyCount "35"]
[EventDate "2019.06.09"]
[EventType "swiss"]
[EventRounds "7"]
[EventCountry "ESP"]
[SourceTitle "EXT 2024"]
[Source "ChessBase"]
[SourceDate "2023.10.10"]
[SourceVersion "1"]
[SourceVersionDate "2023.10.10"]
[SourceQuality "1"]

1. e4 c5 2. Nc3 e6 3. f4 a6 4. a4 d6 5. Nf3 Nc6 6. Bc4 Nf6 7. d3 Be7 8. 0-0 0-0 9. Qe1 e5 10. Nd5 Nh5 11. Nxe7+ Qxe7 12. f5 Nf6 13. Bg5 Nb4 14. Rc1 a5 15. c3 Nc6 16. Qh4 g6 17. Bxf6 Qc7 18. Qh6 1-0

[Event "Benidorm FEDC op 20th"]
[Site "Benidorm"]
[Date "2018.06.15"]
[Round "6"]
[White "Becerro Rio, Esteban"]
[Black "Gimenez Cervera, Carlos"]
[Result "0-1"]
[WhiteElo "1120"]
[BlackElo "1531"]
[PlyCount "64"]
[EventDate "2018.06.10"]
[EventType "swiss"]
[EventRounds "7"]
[EventCountry "ESP"]
[SourceTitle "CBM 184 Extra"]
[Source "ChessBase"]
[SourceDate "2018.06.28"]
[SourceVersion "1"]
[SourceVersionDate "2018.06.28"]
[SourceQuality "1"]

1. e4 e5 2. Nf3 Nc6 3. Bc4 Nd4 4. Nxe5 Qg5 5. Nxf7 Qxg2 6. Rf1 Qxe4+ 7. Qe2 Nxe2 8. d3 Qxc4 9. dxc4 Kxf7 10. Kxe2 Nf6 11. Nc3 Be7 12. Nd5 Rd8 13. Nxe7 Re8 14. Re1 Rxe7+ 15. Kd1 d6 16. Rxe7+ Kxe7 17. b4 Bf5 18. f3 Rd8 19. Bf4 c5 20. c3 Be6 21. Ke1 Bxc4 22. Rd1 Rd7 23. bxc5 dxc5 24. Rxd7+ Kxd7 25. a4 a5 26. h3 b5 27. axb5 Bxb5 28. c4 Bxc4 29. Bd2 a4 30. Bc3 Ke6 31. Kd2 g6 32. Ke3 Nd5+ 0-1

[Event "ESP-ch FEDC 26th"]
[Site "Ciudad Real"]
[Date "2017.11.15"]
[Round "4.25"]
[White "Alarcon Alarcon, Florentina"]
[Black "Gimenez Cervera, Carlos"]
[Result "1/2-1/2"]
[WhiteElo "1388"]
[BlackElo "1515"]
[PlyCount "103"]
[EventDate "2017.11.12"]
[EventType "swiss"]
[EventRounds "8"]
[EventCountry "ESP"]
[SourceTitle "EXT 2024"]
[Source "ChessBase"]
[SourceDate "2023.10.10"]
[SourceVersion "1"]
[SourceVersionDate "2023.10.10"]
[SourceQuality "1"]

1. e4 e5 2. Nf3 Nc6 3. d4 exd4 4. Nxd4 Bc5 5. Be3 Nxd4 6. Bxd4 Bxd4 7. Qxd4 Qf6 8. c3 d6 9. Nd2 Qxd4 10. cxd4 Nf6 11. Bd3 0-0 12. h3 b6 13. 0-0-0 c5 14. d5 Bb7 15. Rhe1 Rad8 16. g4 Nd7 17. f4 a6 18. Nc4 b5 19. Nxd6 Ba8 20. Bc2 g6 21. e5 Nb6 22. Be4 Nd7 23. g5 Kg7 24. h4 Nb6 25. Rh1 Nc8 26. Nxc8 Rxc8 27. Rhe1 Rfd8 28. d6 Bc6 29. Bd5 Kf8 30. Rf1 Bxd5 31. Rxd5 Ke8 32. f5 Kd7 33. fxg6 hxg6 34. Rf6 Rh8 35. Rf4 Rhe8 36. Kd2 Red8 37. Ke3 c4 38. Ke4 Ke8 39. Rf6 c3 40. bxc3 Rxc3 41. e6 fxe6 42. Rxe6+ Kd7 43. Re7+ Kc8 44. Kd4 Rc4+ 45. Ke5 Rd7 46. Re8+ Rd8 47. d7+ Kc7 48. Rxd8 Kxd8 49. Kf6 Rc6+ 50. Ke5 Rc4 51. Kf6 Rc6+ 52. Kg7 1/2-1/2

[Event "ESP-ch FEDC 26th"]
[Site "Ciudad Real"]
[Date "2017.11.12"]
[Round "1.16"]
[White "Gimenez Cervera, Carlos"]
[Black "Megias Gonzalez, Javier"]
[Result "1/2-1/2"]
[WhiteElo "1515"]
[BlackElo "1843"]
[PlyCount "38"]
[EventDate "2017.11.12"]
[EventType "swiss"]
[EventRounds "8"]
[EventCountry "ESP"]
[SourceTitle "EXT 2024"]
[Source "ChessBase"]
[SourceDate "2023.10.10"]
[SourceVersion "1"]
[SourceVersionDate "2023.10.10"]
[SourceQuality "1"]

1. e4 c5 2. Nc3 Nc6 3. Bb5 e6 4. Bxc6 bxc6 5. f4 d5 6. d3 d4 7. Nce2 Ba6 8. Nf3 Nf6 9. Ne5 Qc7 10. 0-0 Be7 11. Ng3 0-0 12. Ng4 Ne8 13. f5 e5 14. f6 Bxf6 15. Nxf6+ Nxf6 16. Rxf6 gxf6 17. Bh6 Kh8 18. Bxf8 Rxf8 19. Qf3 Qe7 1/2-1/2

[Event "Benidorm op 18th"]
[Site "Benidorm"]
[Date "2017.06.17"]
[Round "7"]
[White "Martinez Torres, Jose Manuel"]
[Black "Gimenez Cervera, Carlos"]
[Result "1-0"]
[WhiteElo "1495"]
[BlackElo "1527"]
[PlyCount "66"]
[EventDate "2017.06.11"]
[EventType "swiss"]
[EventRounds "7"]
[EventCountry "ESP"]
[SourceTitle "EXT 2018"]
[Source "ChessBase"]
[SourceDate "2017.10.13"]
[SourceVersion "1"]
[SourceVersionDate "2017.10.13"]
[SourceQuality "1"]

1. e4 e5 2. f4 d5 3. d4 exd4 4. Qxd4 dxe4 5. Qxe4+ Qe7 6. Bd3 Nf6 7. Qxe7+ Bxe7 8. Nf3 Bc5 9. Nc3 0-0 10. h3 Re8+ 11. Kf1 Nc6 12. g4 Be6 13. a3 Nd5 14. Ne4 Be3 15. Bxe3 Nxe3+ 16. Kf2 Nc4 17. b3 Nd6 18. Neg5 h6 19. Nxe6 Rxe6 20. h4 Rae8 21. g5 f5 22. gxh6 Rxh6 23. Ng5 Ne4+ 24. Kg2 Rd6 25. Bc4+ Kf8 26. Nh7+ Ke7 27. Rae1 Kd8 28. Bd3 Nd4 29. Ng5 Nxc2 30. Nf7+ Kd7 31. Nxd6 Nxd6 32. Bxc2 Ne4 33. Bxe4 fxe4 1-0

[Event "Benidorm op 18th"]
[Site "Benidorm"]
[Date "2017.06.15"]
[Round "5"]
[White "Fernandez Cabrero, Fernando"]
[Black "Gimenez Cervera, Carlos"]
[Result "1-0"]
[WhiteElo "1638"]
[BlackElo "1527"]
[PlyCount "81"]
[EventDate "2017.06.11"]
[EventType "swiss"]
[EventRounds "7"]
[EventCountry "ESP"]
[SourceTitle "EXT 2018"]
[Source "ChessBase"]
[SourceDate "2017.10.13"]
[SourceVersion "1"]
[SourceVersionDate "2017.10.13"]
[SourceQuality "1"]

1. d4 d5 2. c4 e6 3. Nc3 Bb4 4. Bf4 Nc6 5. e3 Nf6 6. Nf3 Bd7 7. Rc1 Ne4 8. Bd3 Nxc3 9. bxc3 Be7 10. 0-0 f5 11. cxd5 exd5 12. Qb3 Qc8 13. Qc2 0-0 14. c4 Nb4 15. Qb3 Nxd3 16. Qxd3 Bd6 17. Bxd6 cxd6 18. cxd5 Qe8 19. Qb3 Bb5 20. Rfe1 Ba6 21. Ng5 Qe7 22. Ne6 Rfc8 23. a3 h6 24. Rc3 b6 25. Rec1 Rxc3 26. Rxc3 Rc8 27. Qc2 Qd7 28. h3 Rxc3 29. Qxc3 Qc8 30. Qc6 Qb8 31. Qd7 Qb7 32. Qxd6 Bc4 33. Nf4 a5 34. Qe6+ Kh7 35. Qxf5+ Kg8 36. e4 b5 37. Qe6+ Qf7 38. Qc8+ Kh7 39. Qb8 Qe7 40. d6 Qxe4 41. d7 1-0

[Event "Benidorm op 18th"]
[Site "Benidorm"]
[Date "2017.06.13"]
[Round "3"]
[White "Garcia Cervigon, Cecilio"]
[Black "Gimenez Cervera, Carlos"]
[Result "1/2-1/2"]
[WhiteElo "1792"]
[BlackElo "1527"]
[PlyCount "62"]
[EventDate "2017.06.11"]
[EventType "swiss"]
[EventRounds "7"]
[EventCountry "ESP"]
[SourceTitle "EXT 2018"]
[Source "ChessBase"]
[SourceDate "2017.10.13"]
[SourceVersion "1"]
[SourceVersionDate "2017.10.13"]
[SourceQuality "1"]

1. d4 d5 2. c4 e6 3. Nc3 Bb4 4. Qa4+ Nc6 5. Nf3 Bd7 6. Qb3 dxc4 7. Qxc4 Nge7 8. e4 b5 9. Qb3 a6 10. Bd3 Ng6 11. 0-0 Be7 12. Re1 Nh4 13. Ne2 Bf6 14. Nxh4 Bxh4 15. Bf4 0-0 16. Rac1 Bg5 17. d5 Bxf4 18. Nxf4 Ne5 19. Be2 Qf6 20. Qg3 Nc4 21. Bxc4 bxc4 22. Rxc4 Qxb2 23. Rxc7 Rad8 24. dxe6 Bxe6 25. Nxe6 fxe6 26. Qc3 Qxc3 27. Rxc3 Rd2 28. f3 Rxa2 29. Rd1 Rb8 30. Rc7 h6 31. h3 Rbb2 1/2-1/2

[Event "Benidorm op 18th"]
[Site "Benidorm"]
[Date "2017.06.11"]
[Round "1"]
[White "Gimenez Cervera, Carlos"]
[Black "Parreno Cueto, Andres"]
[Result "0-1"]
[WhiteElo "1527"]
[BlackElo "1777"]
[PlyCount "68"]
[EventDate "2017.06.11"]
[EventType "swiss"]
[EventRounds "7"]
[EventCountry "ESP"]
[SourceTitle "EXT 2018"]
[Source "ChessBase"]
[SourceDate "2017.10.13"]
[SourceVersion "1"]
[SourceVersionDate "2017.10.13"]
[SourceQuality "1"]

1. e4 e6 2. Nf3 d5 3. exd5 exd5 4. d4 Nf6 5. Nc3 c6 6. Bd3 Bd6 7. Bg5 0-0 8. 0-0 Bg4 9. Be2 Nbd7 10. Re1 Qc7 11. h3 Bh5 12. Nh4 Bxe2 13. Nxe2 Rfe8 14. Nf5 Bh2+ 15. Kh1 Ne4 16. Be3 Nd6 17. Nxg7 Rxe3 18. fxe3 Ne4 19. Rf1 Kxg7 20. Qe1 Bg3 21. Qd1 Nf2+ 22. Rxf2 Bxf2 23. Qd3 Nf6 24. Rf1 Ne4 25. c4 Re8 26. Rc1 Qd6 27. Nf4 Bh4 28. Kg1 Kh8 29. b4 Bg5 30. c5 Qe7 31. Rf1 Bh4 32. a4 Bf2+ 33. Kh2 Qh4 34. Rxf2 Qxf2 0-1